|
|
|
|
| LEADER |
00000nam0a2200000 4500 |
| 001 |
285524 |
| 005 |
20231101235813.0 |
| 020 |
|
|
|a RU
|b 85-35030
|
| 035 |
|
|
|a (RuTPU)RU\TPU\book\309767
|
| 090 |
|
|
|a 285524
|
| 100 |
|
|
|a 20150225d1985 m y0rusy5003 ca
|
| 101 |
0 |
|
|a rus
|
| 102 |
|
|
|a RU
|
| 105 |
|
|
|a y z 000zy
|
| 200 |
1 |
|
|a Ольстер : время остановилось
|f Э. А. Чепоров
|
| 210 |
|
|
|a Москва
|c Политиздат
|d 1985
|
| 215 |
|
|
|a 176 с.
|c ил.
|
| 225 |
1 |
|
|a Империализм : хроника преступлений
|
| 606 |
1 |
|
|a Политическое положение отдельных зарубежных стран
|2 stltpush
|3 (RuTPU)RU\TPU\subj\69481
|9 84331
|
| 610 |
1 |
|
|a международная политика
|
| 610 |
1 |
|
|a Северная Ирландия
|
| 610 |
1 |
|
|a экстремистская деятельность
|
| 610 |
1 |
|
|a терроризм
|
| 610 |
1 |
|
|a Британия
|
| 610 |
1 |
|
|a политические конфликты
|
| 610 |
1 |
|
|a 20 век
|
| 686 |
|
|
|a Ф2(4Вл)
|2 rubbk
|
| 700 |
|
1 |
|a Чепоров
|b Э. А.
|g Эдгар Анатольевич
|
| 801 |
|
0 |
|a RU
|b RuMRKP
|c 19950704
|g psbo
|
| 801 |
|
1 |
|a RU
|b 63413507
|c 20150225
|
| 801 |
|
2 |
|a RU
|b 63413507
|c 20171212
|g RCR
|
| 942 |
|
|
|c BK
|